Geographie nach Buchstaben - U - Statistiken

Allgemein
  • Dieses Quiz wurde 277 mal gespielt
  • Das Durchschnittsergebnis liegt bei 13 aus 17
Antwortstatistiken
Hinweis Antwort % Korrekt
Afrikanisches Land Uganda
98%
Südamerikanisches Land Uruguay
97%
Wüstenstaat der USA Utah
93%
Initialen der Sowjetunion UdSSR
91%
Das Münster dieser Stadt ist das höchste der Welt Ulm
91%
Berge, die Europa und Asien trennen Ural
91%
Die wichtigsten Städte sind Samarkand und Taschkent Usbekistan
91%
Hawaiianisches Saiteninstrument Ukulele
90%
Land am Schwarzen Meer Ukraine
88%
Hauptstadt der Mongolei Ulaanbaatar
85%
Der Kolonialname für diesen Inselberg (im Bild) ist Ayers Rock Uluru
77%
Region in Mittelitalien Umbrien
64%
Schwedens viertgrößte Stadt Uppsala
60%
Das westliche Ende dieses Berliner Boulevards ist das Brandenburger Tor Unter den Linden
47%
Region, die den nördlichen Teil Irlands umfasst Ulster
39%
Amtssprache Pakistans Urdu
38%
Hauptstadt des Uigurischen Autonomen Gebietes Xinjiang Urumtschi
17%
Keine übereinstimmenden Quizze gefunden
Verteilung der Resultate
Anzahl Personen mit jedem Resultat
Perzentil nach korrekt beantworteten Fragen
Ihre Resultats-Entwicklung
Sie haben dieses Quiz noch nicht gespielt